书目信息 |
| 题名: |
道德与社会生活
|
|
| 作者: | 李奇 著 | |
| 分册: | ||
| 出版信息: | 上海 上海人民出版社 1984.01 |
|
| 页数: | 267页 | |
| 开本: | 21cm | |
| 丛书名: | ||
| 单 册: | ||
| 中图分类: | B82-052 | |
| 科图分类: | ||
| 主题词: | 伦理学 | |
| 电子资源: | ||
| ISBN: | ||
| 000 | 00510nam0 2200193 45 | |
| 001 | 0181024498 | |
| 005 | 20051110110450.67 | |
| 010 | @dCNY0.87 | |
| 091 | @a2074.423 | |
| 100 | @a20810111d km y0chiy0120 ea | |
| 101 | 0 | @achi |
| 200 | 1 | @a道德与社会生活@ADAO DE YU SHE HUI SHENG HUO@f李奇著@Fli qi zhu |
| 210 | @a上海@c上海人民出版社@d1984.01 | |
| 215 | @a267页@d21cm | |
| 606 | 0 | @a伦理学 |
| 690 | @aB82-052@v3 | |
| 701 | 0 | @a李奇@Ali qi@4著 |
| 801 | @aCN@bTSTC@c20051110 | |
| 905 | @dB82-052@e37@f1@b120133 | |
| 道德与社会生活/李奇著.-上海:上海人民出版社,1984.01 |
| 267页;21cm |
| ISBN :CNY0.87 |
| ● |
| 相关链接 |
|
|
|
|
正题名:道德与社会生活
索取号:B82-052/37
 
预约/预借
| 序号 | 登录号 | 条形码 | 馆藏地/架位号 | 状态 | 备注 |
| 1 | 0120132 | 202137623 | 密集书库/ [索取号:B82-052/37] | 在馆 | |
| 2 | 0120133 | 000519497 | 密集书库/ [索取号:B82-052/37] | 在馆 | |
| 3 | 0120134 | 000519503 | 密集书库/ [索取号:B82-052/37] | 在馆 | |
| 4 | 0120135 | 000519530 | 第一样本阅览室/ [索取号:B82-052/37] | 在馆 | |
| 5 | 0120136 | 001765067 | 密集书库/ [索取号:B82-052/37] | 在馆 |